LIBRARY & INFORMATION CENTRE, KCAET, TAVANUR

ONLINE PUBLIC ACCESS CATALOGUE (OPAC)

Study on mechanical deseeding of jackfruit bulb (Record no. 17599)

MARC details
000 -LEADER
fixed length control field 00387nam a22001337a 4500
003 - CONTROL NUMBER IDENTIFIER
control field OSt
082 ## - DEWEY DECIMAL CLASSIFICATION NUMBER
Classification number 630
088 ## - REPORT NUMBER
Report number P549
100 ## - MAIN ENTRY--AUTHOR NAME
Personal name Anjaly P.R
-- Sanjay V.R
-- Saranya Sasi
245 ## - TITLE STATEMENT
Title Study on mechanical deseeding of jackfruit bulb
260 ## - PUBLICATION, DISTRIBUTION, ETC. (IMPRINT)
Place of publication thavanur
Year of publication 2022
700 ## - ADDED ENTRY--PERSONAL NAME
Personal name Dr. Prince M.V (Guide)
942 ## - ADDED ENTRY ELEMENTS (KOHA)
Koha item type Project Report
260 ## - PUBLICATION, DISTRIBUTION, ETC. (IMPRINT)
-- Kelappaji College of Agricultural Engineering and Technology
Holdings
Collection code Home library Current library Shelving location Full call number Accession Number Koha item type
Reference KAUAET KAUAET Reference1 630 P549 Project Report
free website counter